000
00275nam a22001097a 4500
008
160624b xxu||||| |||| 00| 0 eng d
100
_9
889
_a
Blauberg, I.V., et al
245
_a
Systems Theory
260
_a
Moscow
_b
Process
_c
1977
300
_a
Systems Theory
942
_2
ddc
_c
BK
999
_c
704
_d
704